[Event "Gibraltar Masters 2019"]
[Site "Caleta ENG"]
[Date "2019.01.22"]
[Round "1.60"]
[White "Ernst,S"]
[Black "Dolzhikova,O"]
[Result "1-0"]
[WhiteElo "2540"]
[BlackElo "2224"]

1.d4 e6 2.Nf3 f5 3.Bf4 b6 4.d5 Be7 5.dxe6 dxe6 6.Qxd8+ Bxd8 7.Nc3 Nf6 8.e3 a6
9.O-O-O Nc6 10.a3 Nh5 11.Bc4 Nxf4 12.exf4 h6 13.Rhe1 Kf7 14.Nd5 g5 15.g3 g4
16.Nb4 Nxb4 17.Ne5+ Kg7 18.axb4 Bf6 19.Nd7 Rd8 20.Bxe6 Bxd7 21.Bxd7 a5 22.b5 h5
23.Rd3 Rf8 24.Kb1 Rad8 25.Bxf5 Rxd3 26.Bxd3 Bd4 27.Re2 Kf6 28.c3 Bc5 29.Kc2 Rh8
30.f5 h4 31.Re6+ Kf7 32.Bc4 hxg3 33.hxg3 Kf8 34.Rf6+ Ke8 35.Rg6 Rh2 36.f6 Rxf2+
37.Kb1 Kd7 38.f7 Bd6 39.Rxg4 a4 40.Rg8 a3 41.bxa3 Bxa3 42.Re8  1-0

[Event "Gibraltar Masters 2019"]
[Site "Caleta ENG"]
[Date "2019.01.22"]
[Round "1.59"]
[White "Valhondo Morales,R"]
[Black "Werle,J"]
[Result "0-1"]
[WhiteElo "2231"]
[BlackElo "2541"]

1.Nf3 Nf6 2.c4 b6 3.g3 Bb7 4.Bg2 g6 5.Nc3 Bg7 6.O-O O-O 7.Re1 Ne4 8.Nxe4 Bxe4
9.d3 Bb7 10.e4 c5 11.Rb1 Nc6 12.a3 a5 13.h4 h5 14.Be3 d6 15.Qd2 e5 16.b3 Bc8
17.Rf1 Bd7 18.Ne1 Nd4 19.Nc2 Kh7 20.a4 Ne6 21.Qe2 Ra7 22.Kh2 Bc8 23.Bh3 Nd4
24.Bxd4 Bxh3 25.Kxh3 cxd4 26.Ne1 Bh6 27.Ng2 f5 28.exf5 Rxf5 29.f3 Rf8 30.Qe4 Raf7
31.Rb2 Qd7+ 32.Kh2 Qf5 33.Qe2 g5 34.Rf2 g4 35.f4 Qg6 36.f5 Rxf5 37.Rxf5 Qxf5
38.b4 Qf3 39.Qc2 e4 40.Rb3 e3 41.bxa5 e2 42.axb6 Bf4 43.gxf4 g3+  0-1

[Event "Gibraltar Masters 2019"]
[Site "Caleta ENG"]
[Date "2019.01.22"]
[Round "1.58"]
[White "Koneru,H"]
[Black "Villar,Ju"]
[Result "1-0"]
[WhiteElo "2541"]
[BlackElo "2237"]

1.d4 Nf6 2.c4 e6 3.Nf3 Bb4+ 4.Nbd2 d5 5.Qa4+ Nc6 6.a3 Be7 7.e3 O-O 8.Bd3 Bd7
9.Qc2 a5 10.b3 Re8 11.Bb2 Bf8 12.O-O g6 13.h3 Ne7 14.Ne5 Rc8 15.Ndf3 Bg7
16.Rac1 Nf5 17.c5 c6 18.b4 axb4 19.axb4 Ra8 20.Ra1 Qc7 21.Ng5 Rxa1 22.Rxa1 Rf8
23.b5 cxb5 24.Qb3 Bc6 25.Ra7 Qb8 26.Qa2 Ne8 27.Nxc6 bxc6 28.Qa6 Bf6 29.Nf3 Ne7
30.Rb7 Qc8 31.Qa7 Qd8 32.Rd7 Nc8 33.Rxd8 Nxa7 34.Ra8  1-0

[Event "Gibraltar Masters 2019"]
[Site "Caleta ENG"]
[Date "2019.01.22"]
[Round "1.57"]
[White "Moksh,Amit Doshi"]
[Black "Santos Ruiz,Miguel"]
[Result "0-1"]
[WhiteElo "2242"]
[BlackElo "2543"]

1.d4 Nf6 2.c4 e6 3.Nc3 Bb4 4.Qc2 d5 5.a3 Bxc3+ 6.Qxc3 O-O 7.Nf3 dxc4 8.Qxc4 b6
9.Bg5 Ba6 10.Qa4 h6 11.Bh4 c5 12.dxc5 bxc5 13.Rc1 Qb6 14.Bxf6 gxf6 15.Rc2 c4
16.e3 Bb5 17.Qb4 Rc8 18.Be2 Na6 19.Qc3 Ba4 20.Rd2 Nc5 21.Qxc4 Nb3 22.Qg4+ Kh8
23.Qxa4 Nxd2 24.Nxd2 Rc1+ 25.Bd1 Rd8 26.Qb4 Qa6 27.Qb3 Qd6 28.Qb4 Qd3 29.Qa5 Rd5
30.Qb4 Kh7 31.e4 Rd4 32.Qa5 Rxe4+  0-1

[Event "Gibraltar Masters 2019"]
[Site "Caleta ENG"]
[Date "2019.01.22"]
[Round "1.56"]
[White "Kunin,V"]
[Black "Fuchs,Ju"]
[Result "1-0"]
[WhiteElo "2544"]
[BlackElo "2249"]

1.Nf3 Nf6 2.g3 b5 3.Bg2 Bb7 4.Na3 a6 5.c4 b4 6.Nc2 e6 7.O-O Be7 8.a3 a5 9.axb4 axb4
10.Rxa8 Bxa8 11.d4 c5 12.d5 exd5 13.Nh4 O-O 14.cxd5 d6 15.e4 Nbd7 16.Nf5 Re8
17.g4 Nb6 18.g5 Nfd7 19.h4 Bb7 20.b3 Bc8 21.Bb2 Bf8 22.f4 Nb8 23.Ng3 Qc7
24.Ne3 Qa7 25.Kh2 Ba6 26.Rg1 Bb5 27.Qc2 Rc8 28.Bh3 Rc7 29.Nh5 c4 30.Nf6+ Kh8
31.e5 gxf6 32.gxf6  1-0

[Event "Gibraltar Masters 2019"]
[Site "Caleta ENG"]
[Date "2019.01.22"]
[Round "1.55"]
[White "Benmesbah,N"]
[Black "Kadric,D"]
[Result "0-1"]
[WhiteElo "2252"]
[BlackElo "2545"]

1.e4 c6 2.c4 d5 3.cxd5 cxd5 4.exd5 Nf6 5.Qa4+ Nbd7 6.Nc3 g6 7.Bc4 Bg7 8.d3 O-O
9.Nf3 a6 10.Qa3 b6 11.O-O Bb7 12.Re1 Re8 13.Ng5 b5 14.Bb3 Nb6 15.d6 e6 16.Nge4 Nxe4
17.dxe4 Be5 18.Rd1 Qh4 19.g3 Qg4 20.Re1 Red8 21.Qc5 Nd7 22.Qc7 Rab8 23.Bd1 Qh3
24.Bg5 f6 25.Bc1 Nf8 26.Bf3 Bxd6 27.Qb6 b4 28.Bg2 Qh5 29.Ne2 Bxe4 30.Qxa6 Bxg2
31.Kxg2 Qd5+ 32.Kg1 Ra8 33.Qb6 Bc5 34.Qc7 e5 35.Be3 Ne6  0-1

[Event "Gibraltar Masters 2019"]
[Site "Caleta ENG"]
[Date "2019.01.22"]
[Round "1.54"]
[White "Lalith,B"]
[Black "Bliumberg,V"]
[Result "1-0"]
[WhiteElo "2547"]
[BlackElo "2253"]

1.Nf3 d5 2.d4 Bf5 3.c4 e6 4.Nc3 c6 5.Qb3 Qb6 6.c5 Qc7 7.Bf4 Qc8 8.e4 dxe4
9.Nd2 Nf6 10.Nc4 Nbd7 11.Bd6 b5 12.cxb6 axb6 13.Bxf8 Kxf8 14.Nxb6 Nxb6 15.Qxb6 Nd7
16.Qb4+ c5 17.dxc5 Qxc5 18.Qxc5+ Nxc5 19.b4  1-0

[Event "Gibraltar Masters 2019"]
[Site "Caleta ENG"]
[Date "2019.01.22"]
[Round "1.53"]
[White "Antova,Gabriela"]
[Black "Lagno,Kateryna"]
[Result "0-1"]
[WhiteElo "2263"]
[BlackElo "2560"]

1.d4 g6 2.c4 Bg7 3.e4 d6 4.Nf3 Nf6 5.Nc3 O-O 6.Be2 e5 7.O-O Nc6 8.Be3 Re8
9.dxe5 dxe5 10.h3 b6 11.c5 Bb7 12.Bb5 a6 13.Qxd8 Raxd8 14.Bxc6 Bxc6 15.cxb6 cxb6
16.Bxb6 Rb8 17.Bc7 Rxb2 18.Bxe5 Nxe4 19.Nxe4 Bxe5 20.Nxe5 Rxe5 21.Nc3 Rg5
22.g3 Rxg3+ 23.fxg3 Rg2+ 24.Kh1 Rxg3+ 25.Kh2 Rg2+ 26.Kh1 Rxa2+ 27.Kg1 Rg2+
28.Kh1 Rc2+ 29.Kg1 Rxc3 30.Rxa6 Rg3+ 31.Kh2 Rg2+ 32.Kh1 Rf2+ 33.Rxc6 Rxf1+
34.Kg2 Ra1 35.Kg3 Ra3+ 36.Kg2 Kg7 37.Rb6 h6 38.Rc6 g5 39.Rb6 f6 40.Rc6 Kg6
41.Rb6 h5 42.Rb5 g4 43.hxg4 hxg4  0-1

[Event "Gibraltar Masters 2019"]
[Site "Caleta ENG"]
[Date "2019.01.22"]
[Round "1.52"]
[White "Moroni,L"]
[Black "Jaksland,T"]
[Result "1-0"]
[WhiteElo "2562"]
[BlackElo "2264"]

1.d4 Nf6 2.c4 c5 3.d5 b5 4.cxb5 a6 5.e3 g6 6.Nc3 Bg7 7.Nf3 O-O 8.a4 Bb7 9.e4 e6
10.Be2 axb5 11.Bxb5 exd5 12.exd5 Qe8+ 13.Be3 Ng4 14.O-O Nxe3 15.fxe3 Qxe3+
16.Kh1 Na6 17.Qb3 Nb4 18.Rae1 Bxd5 19.Qa3 Qh6 20.Nxd5 Nxd5 21.Qxc5 Nf6 22.Ne5 d5
23.Qe7 Qd2 24.Re2 Qd4 25.Nc6 Qh4 26.g3 Qg5 27.Re5 Qg4 28.Rxf6 Rae8 29.Rf4 Rxe7
30.Nxe7+ Kh8 31.Rxg4  1-0

[Event "Gibraltar Masters 2019"]
[Site "Caleta ENG"]
[Date "2019.01.22"]
[Round "1.51"]
[White "Giemsa,S"]
[Black "Vazquez Igarza,R"]
[Result "0-1"]
[WhiteElo "2275"]
[BlackElo "2567"]

1.d4 d6 2.e4 Nf6 3.Nc3 g6 4.f4 Bg7 5.Nf3 c5 6.Bb5+ Nfd7 7.dxc5 Bxc3+ 8.bxc3 dxc5
9.O-O Nc6 10.f5 Qa5 11.c4 O-O 12.Bh6 Rd8 13.Bxc6 bxc6 14.Bd2 Qa4 15.Qe2 Ba6
16.Qe3 Qxc4 17.Ba5 Re8 18.fxg6 hxg6 19.Qh6 Nf8 20.Rf2 Rab8 21.Re1 f6 22.Ne5 Qxa2
23.Nxg6 Qxa5 24.Qh8+ Kf7 25.Ne5+ Ke6 26.Qh3+ Kd6 27.Rd1+ Kc7 28.Rd7+ Kb6
29.Rfd2 fxe5  0-1

[Event "Gibraltar Masters 2019"]
[Site "Caleta ENG"]
[Date "2019.01.22"]
[Round "1.50"]
[White "Ramirez,Alej"]
[Black "Schippers,Maurice"]
[Result "1-0"]
[WhiteElo "2567"]
[BlackElo "2276"]

1.b3 Nf6 2.Bb2 g6 3.g3 Bg7 4.Bg2 c5 5.c4 Nc6 6.Nf3 O-O 7.O-O d6 8.e3 a6 9.d4 cxd4
10.exd4 d5 11.Re1 Bf5 12.Ne5 Rc8 13.Nc3 dxc4 14.Nxc6 bxc6 15.bxc4 c5 16.d5 Rb8
17.Na4 Rb4 18.Bc3 Rxc4 19.Qb3 Rxc3 20.Nxc3 Ne8 21.Rac1 Nd6 22.Qa4 a5 23.Ne4 Bxe4
24.Bxe4 c4 25.Bc2 Bf6 26.Rb1 Kg7 27.Qc6 c3 28.Kg2 h5 29.h4 Qc8 30.Rb6 Qg4
31.Qa4 Rc8 32.Qxg4 hxg4 33.Rc6 Rb8 34.Rb1 Rb2 35.Rxb2 cxb2 36.Rc5 a4 37.Ra5 a3
38.Rxa3 Nc4 39.Rb3 Nd2 40.Rb5 Bd4 41.a4 Bc3 42.a5 Bxa5 43.Rxa5 b1=Q 44.Bxb1 Nxb1
45.Ra7 Kf6 46.Ra4 Nc3 47.Rf4+ Kg7 48.d6 exd6 49.Rxg4 Kf6 50.Rf4+ Ke6 51.g4 Nd5
52.Re4+ Kf6 53.Kf3 Nc7 54.Rf4+ Kg7 55.Rc4 Ne6 56.Ke4  1-0

[Event "Gibraltar Masters 2019"]
[Site "Caleta ENG"]
[Date "2019.01.22"]
[Round "1.49"]
[White "Solozhenkina,Elizaveta"]
[Black "Muzychuk,A"]
[Result "1/2-1/2"]
[WhiteElo "2279"]
[BlackElo "2569"]

1.d4 Nf6 2.c4 e6 3.Nc3 Bb4 4.Bd2 O-O 5.Nf3 b6 6.e3 Bb7 7.Bd3 c5 8.a3 Ba5
9.Rb1 Na6 10.O-O d6 11.Qe2 Qe7 12.d5 e5 13.e4 Bc8 14.Ne1 Bg4 15.f3 Bd7 16.Nc2 Bxc3
17.Bxc3 Nh5 18.g3 Qg5 19.Bd2 Qg6 20.Kh1 Bh3 21.Rg1 f5 22.Ne3 fxe4 23.Bxe4 Qf6
24.g4 Nf4 25.Qf2 h5 26.Nd1 hxg4 27.fxg4 Qh6 28.Qe3 Kf7 29.Nf2 Rh8 30.Qg3 g5
31.Rbe1 Nc7 32.Bf5 b5 33.Ba5 Ne8 34.cxb5 Nf6 35.Be6+ Ke7 36.Bd2 Nxe6 37.dxe6 Rag8
38.Re2 Rg7 39.b4 c4 40.Rc1 Kxe6 41.a4 Qh4 42.Qxh4 Rxh4 43.Nxh3 Rxh3 44.Rxc4 Ra3
45.a5 Ra2 46.Rg2 Nd5 47.Rc8 Rb2 48.Re8+ Kd7 49.Ra8 Ke6 50.Re8+ Kd7 51.Ra8  1/2-1/2

[Event "Gibraltar Masters 2019"]
[Site "Caleta ENG"]
[Date "2019.01.22"]
[Round "1.48"]
[White "Karthikeyan,M2"]
[Black "Michenka,J"]
[Result "1/2-1/2"]
[WhiteElo "2570"]
[BlackElo "2280"]

1.e4 c5 2.Nf3 e6 3.Nc3 Nc6 4.Be2 Nf6 5.O-O d5 6.exd5 exd5 7.d4 cxd4 8.Nxd4 Be7
9.Bb5 Bd7 10.Re1 O-O 11.Bg5 Rc8 12.h3 h6 13.Rxe7 Nxe7 14.Bxf6 gxf6 15.Qh5 Bxb5
16.Ncxb5 Kh7 17.Re1 f5 18.h4 Ng8 19.Qxf5+ Kh8 20.g3 a6 21.Nc3 Qf6 22.Qd3 Rcd8
23.Re3 Qg6 24.Nf5 d4 25.Nxd4 Qxd3 26.Rxd3 Rfe8 27.Nce2 Re4 28.Kf1 Ne7 29.Rf3 Rdxd4
30.Nxd4 Rxd4 31.Rxf7 Re4 32.Rf6 Ng8 33.Rb6 Re7 34.g4 Kg7 35.Kg2 Nf6 36.g5 hxg5
37.hxg5 Nd5 38.Rd6 Nb4 39.c3 Nc6 40.Kg3 Ne5 41.f4 Nc4 42.Rd4 Ne3 43.Kf3 Nf5
44.Rd3 Kg6 45.c4 Kh5 46.a3 Nh4+ 47.Kg3 Nf5+ 48.Kf3  1/2-1/2

[Event "Gibraltar Masters 2019"]
[Site "Caleta ENG"]
[Date "2019.01.22"]
[Round "1.47"]
[White "Risting,Eivind Olav"]
[Black "Ju Wenjun"]
[Result "0-1"]
[WhiteElo "2281"]
[BlackElo "2575"]

1.d4 e6 2.c4 d5 3.Nc3 Bb4 4.Nf3 Nf6 5.Qb3 c5 6.dxc5 Qa5 7.a3 Bxc3+ 8.Qxc3 Qxc3+
9.bxc3 dxc4 10.Ne5 Nbd7 11.Nxc4 Nxc5 12.Be3 b6 13.Bd4 Ke7 14.e3 Bb7 15.f3 Rhc8
16.a4 Nb3 17.Ra3 Bd5 18.Rxb3 Bxc4 19.Bxc4 Rxc4 20.Rb4 Rac8 21.Kd2 Rxb4 22.cxb4 Nd5
23.Rb1 f6 24.e4 Rc4 25.Bb2 Nxb4 26.Ba3 a5 27.Bxb4+ axb4 28.Kd3 Rc3+ 29.Kd2 Ra3
30.Rxb4 Ra2+ 31.Ke3 Rxg2 32.Rxb6 Rxh2 33.a5 Kf7 34.f4 Ra2 35.a6 h5 36.Kf3 Ra3+
37.Kg2 g5 38.f5 exf5 39.exf5 Kg7 40.Rb7+ Kh6 41.Rb6 g4 42.Rxf6+ Kg5 43.Rb6 Kxf5
44.Rc6 Kg5 45.Rb6 Kh4 46.Rh6 Ra2+ 47.Kf1 g3 48.Kg1 Kg4 49.Kh1 h4 50.Kg1 Ra1+
51.Kg2 h3+  0-1

[Event "Gibraltar Masters 2019"]
[Site "Caleta ENG"]
[Date "2019.01.22"]
[Round "1.46"]
[White "Yuffa,D"]
[Black "Chinguun,Sumiya"]
[Result "1-0"]
[WhiteElo "2578"]
[BlackElo "2286"]

1.Nf3 Nf6 2.g3 g6 3.Bg2 Bg7 4.O-O O-O 5.c4 d6 6.d4 Nbd7 7.Nc3 e5 8.e4 c6
9.b3 Re8 10.Re1 exd4 11.Nxd4 Ne5 12.Bb2 Qb6 13.Qd2 Nfd7 14.Na4 Qa6 15.Qc2 Nb6
16.Nxb6 Qxb6 17.Rad1 Bg4 18.Rd2 Rad8 19.h3 Bc8 20.Kh2 a5 21.Red1 a4 22.Bc3 axb3
23.axb3 Nd7 24.Qa2 Qc7 25.Qa7 Qb8 26.Qxb8 Nxb8 27.Ne2 f5 28.Ba5 Rd7 29.exf5 Rde7
30.Nd4 gxf5 31.f4 Na6 32.b4 c5 33.Nb5 cxb4 34.Nxd6 Rf8 35.c5 Be6 36.Nxb7 Bb3
37.Rc1 Bc3 38.Rxc3 bxc3 39.Bxc3 Rc8 40.c6 Nb8 41.Nd6 Rf8 42.Be5 Be6 43.c7 Na6
44.Nb5 Rc8 45.Rd8+ Re8 46.Rd6 Nc5 47.Rc6 Ne4 48.Na7 Bd7 49.Nxc8 Rxc8 50.Rb6 Kf7
51.Rh6 Kg8 52.g4 Re8 53.g5 Rc8 54.h4 Nf2 55.Bd5+ Kf8 56.Rf6+ Ke8 57.Bd6 Ng4+
58.Kg3 Nxf6 59.gxf6  1-0

[Event "Gibraltar Masters 2019"]
[Site "Caleta ENG"]
[Date "2019.01.22"]
[Round "1.45"]
[White "Mannion,Stephen R"]
[Black "Peralta,Fe"]
[Result "0-1"]
[WhiteElo "2293"]
[BlackElo "2580"]

1.e4 c6 2.d4 d5 3.e5 Bf5 4.Nf3 e6 5.Be2 Ne7 6.O-O h6 7.Nbd2 Nd7 8.Nb3 g5
9.Ne1 Qc7 10.f4 c5 11.c3 c4 12.Nd2 gxf4 13.b3 O-O-O 14.bxc4 f6 15.exf6 Nxf6
16.c5 e5 17.dxe5 Ne4 18.Nb3 Nxc3 19.Qd2 Qxe5 20.Bf3 Ng6 21.Kh1 Bg7 22.Nd3 Qc7
23.Bb2 Ne4 24.Qd1 d4 25.Bg4 Qd7 26.c6 bxc6 27.Bxf5 Qxf5 28.Rc1 Nc3 29.Qf3 Kb8
30.Qxc6 Rc8 31.Qf3 Rhd8 32.Bxc3 dxc3 33.Nb4 Qb5 34.Qe4 Ne5 35.a4 Qb7 36.Rxf4 Qxe4
37.Rxe4 Nd3 38.Nxd3 Rxd3 39.Ree1 c2 40.Na1 Bxa1 41.Rxa1 Rcd8  0-1

[Event "Gibraltar Masters 2019"]
[Site "Caleta ENG"]
[Date "2019.01.22"]
[Round "1.44"]
[White "Santos Latasa,J"]
[Black "Zuo,Yifan"]
[Result "0-1"]
[WhiteElo "2581"]
[BlackElo "2298"]

1.d4 Nf6 2.c4 e6 3.Nf3 d5 4.Nc3 Be7 5.Bf4 O-O 6.e3 c5 7.dxc5 Bxc5 8.Qc2 Nc6
9.a3 Qe7 10.Rd1 Rd8 11.Bg5 dxc4 12.Rxd8+ Qxd8 13.Bxc4 Be7 14.O-O a6 15.Rd1 Qe8
16.Ne4 Nxe4 17.Qxe4 Bd7 18.Bd3 f5 19.Qh4 Bxg5 20.Qxg5 h6 21.Qh4 Rd8 22.Bc4 Bc8
23.Rc1 Kf8 24.h3 Bd7 25.e4 Qe7 26.exf5 exf5 27.Qg3 Be8 28.Re1 Qd6 29.Qh4 Bf7
30.Bxf7 Kxf7 31.Qh5+ Kf6 32.g3 Qd5 33.Re3 Qd1+ 34.Kg2 Qd5 35.Kh2 a5 36.Nh4 Ne7
37.Qe2 Rd7 38.Ng2 g5 39.h4 Ng6 40.Qh5 f4 41.gxf4 Qxg2+  0-1

[Event "Gibraltar Masters 2019"]
[Site "Caleta ENG"]
[Date "2019.01.22"]
[Round "1.43"]
[White "Welling,G"]
[Black "Mikhalevski,V"]
[Result "0-1"]
[WhiteElo "2299"]
[BlackElo "2581"]

1.e4 c5 2.d3 Nc6 3.g3 g6 4.Bg2 Bg7 5.f4 d6 6.Nf3 e5 7.O-O Nge7 8.f5 gxf5
9.Nh4 f4 10.Qh5 Rg8 11.gxf4 Ng6 12.Nxg6 hxg6 13.Qh7 Kf8 14.fxe5 Nxe5 15.Bh6 Be6
16.Nc3 Ng4 17.Bxg7+ Rxg7 18.Qh8+ Rg8 19.Qh3 Qg5 20.Qg3 Qe3+ 21.Qxe3 Nxe3
22.Rf2 Ng4 23.Rd2 Rh8 24.Bf3 Ne5 25.Rf1 Kg7 26.Be2 Rh4 27.d4 cxd4 28.Rxd4 Rah8
29.Rf2 Bg4 30.Rxd6 Bxe2 31.Rxe2 Nf3+ 32.Kf2 Nxh2 33.Rd7 Ng4+ 34.Ke1 Ne5 35.Rxb7 Nf3+
36.Kf1 Rh1+ 37.Kg2 R8h3 38.Rxa7 Nh4+  0-1

[Event "Gibraltar Masters 2019"]
[Site "Caleta ENG"]
[Date "2019.01.22"]
[Round "1.42"]
[White "Cornette,M"]
[Black "Heinemann,Josefine"]
[Result "1-0"]
[WhiteElo "2587"]
[BlackElo "2304"]

1.e4 e5 2.Nf3 Nc6 3.Bb5 a6 4.Ba4 Nf6 5.d3 b5 6.Bb3 Bc5 7.Nc3 h6 8.Nd5 d6
9.c3 O-O 10.Nxf6+ Qxf6 11.Bd5 Bd7 12.Rg1 h5 13.h3 Rab8 14.g4 hxg4 15.hxg4 b4
16.Rg2 Na5 17.g5 Qg6 18.Rh2 Bg4 19.Nxe5 dxe5 20.Qxg4 Rfd8 21.f4 exf4 22.Qh3 Kf8
23.Bxf4 Rbc8 24.d4 Bb6 25.Rf2 Ke7 26.O-O-O c6 27.Bxf7 Kxf7 28.Bd6+ Kg8 29.Rh1 Qxg5+
30.Kb1 Qh6 31.Qxh6 gxh6 32.Rg1+  1-0

[Event "Gibraltar Masters 2019"]
[Site "Caleta ENG"]
[Date "2019.01.22"]
[Round "1.41"]
[White "Aguilar,A"]
[Black "Antipov,M2"]
[Result "0-1"]
[WhiteElo "2307"]
[BlackElo "2589"]

1.Nf3 d5 2.c4 d4 3.b4 g5 4.Bb2 Bg7 5.g3 e5 6.d3 g4 7.Nfd2 h5 8.h4 f5 9.e3 f4
10.exf4 exf4 11.Bg2 f3 12.Nxf3 gxf3 13.Bxf3 Nf6 14.Qe2+ Kf7 15.O-O Bg4 16.Nd2 Re8
17.Ne4 Nxe4 18.Bxg4 hxg4 19.dxe4 d3 20.Qxg4 Bxb2 21.Rad1 Nc6 22.e5 Nxe5 23.Qf5+ Qf6
24.Qh7+ Qg7 25.Qf5+ Kg8 26.Kg2 Rad8  0-1

[Event "Gibraltar Masters 2019"]
[Site "Caleta ENG"]
[Date "2019.01.22"]
[Round "1.40"]
[White "Vaibhav,S"]
[Black "Bellin,R"]
[Result "1-0"]
[WhiteElo "2590"]
[BlackElo "2312"]

1.e4 c5 2.Nf3 Nc6 3.Bb5 d6 4.O-O Bd7 5.Re1 a6 6.Bxc6 Bxc6 7.d4 cxd4 8.Nxd4 Nf6
9.Nxc6 bxc6 10.c4 e5 11.Nc3 Nd7 12.b3 Be7 13.Qg4 O-O 14.Bh6 Bf6 15.Rad1 Qe7
16.Na4 Rfd8 17.Be3 Rab8 18.Rd3 Qf8 19.Red1 Be7 20.Qe2 f5 21.Bd2 fxe4 22.Qxe4 Rbc8
23.Qe2 Qf5 24.Bb4 c5 25.Bd2 Re8 26.Rf3 Qc2 27.Nc3 Nf6 28.Rd3 Bf8 29.Rc1 Qb2
30.Qd1 e4 31.Rh3 d5 32.Rc2  1-0

[Event "Gibraltar Masters 2019"]
[Site "Caleta ENG"]
[Date "2019.01.22"]
[Round "1.39"]
[White "Osmanodja,F"]
[Black "Svane,R"]
[Result "0-1"]
[WhiteElo "2318"]
[BlackElo "2594"]

1.e4 e6 2.d4 d5 3.Nd2 c5 4.exd5 Qxd5 5.Ngf3 cxd4 6.Bc4 Qd7 7.Nb3 Nc6 8.Nbxd4 Nxd4
9.Nxd4 a6 10.O-O Qc7 11.Qe2 Bd6 12.Nf5 Bxh2+ 13.Kh1 Be5 14.Re1 g6 15.Nh6 Bf4
16.Ng4 h5 17.Ne3 Nf6 18.Nd5 Nxd5 19.Bxd5 Bxc1 20.Raxc1 Bd7 21.Qf3 O-O-O 22.c4 Kb8
23.Qf6 exd5 24.cxd5 Qa5 25.Qxf7 Bf5 26.Re5 Rd7 27.Qf6 Qd8  0-1

[Event "Gibraltar Masters 2019"]
[Site "Caleta ENG"]
[Date "2019.01.22"]
[Round "1.38"]
[White "Maze,S"]
[Black "Gutierrez Olivares,D"]
[Result "1-0"]
[WhiteElo "2596"]
[BlackElo "2320"]

1.e4 c5 2.Nc3 a6 3.Nge2 d6 4.g3 b5 5.Bg2 Bb7 6.d4 cxd4 7.Nxd4 Nf6 8.O-O e6
9.Re1 Qc7 10.a4 b4 11.Nd5 exd5 12.exd5+ Kd8 13.Bg5 Be7 14.Nf5 Re8 15.Nxg7 Rg8
16.Qd4 Nbd7 17.Rxe7 Kxe7 18.Nf5+ Kf8 19.Bxf6 Rg6 20.Bg7+ Ke8 21.Re1+ Ne5
22.Nxd6+  1-0

[Event "Gibraltar Masters 2019"]
[Site "Caleta ENG"]
[Date "2019.01.22"]
[Round "1.37"]
[White "Goriatchkin,J"]
[Black "Papp,Ga"]
[Result "0-1"]
[WhiteElo "2325"]
[BlackElo "2603"]

1.d4 Nf6 2.c4 e6 3.Nf3 c5 4.d5 exd5 5.cxd5 g6 6.Nc3 Bg7 7.Bf4 d6 8.e3 O-O
9.Be2 Na6 10.Nd2 Nc7 11.Nc4 b5 12.Nxd6 b4 13.Na4 Nfxd5 14.Nxc8 Nxf4 15.Qxd8 Rxd8
16.Ne7+ Kf8 17.exf4 Kxe7 18.Rc1 Nd5 19.Rxc5 Nxf4 20.Rc7+ Rd7 21.Rxd7+ Kxd7
22.g3 Nxe2 23.Kxe2 Rc8 24.Kd3 f5 25.h3 Kd6 26.g4 fxg4 27.hxg4 h6 28.f4 Kd5
29.Re1 Bf6 30.Re4 h5 31.g5 Bxb2 32.Rxb4 Bc1 33.Nc3+ Ke6 34.Ra4 h4 35.Ra6+ Kf5
36.Rf6+ Kg4 37.Ne4 Bxf4 38.Rxg6 Rd8+ 39.Kc2 Kf5 40.Rh6 Kxe4 41.Rxh4 Kf5 42.Rh7 Be3  0-1

[Event "Gibraltar Masters 2019"]
[Site "Caleta ENG"]
[Date "2019.01.22"]
[Round "1.36"]
[White "Deac,Bogdan-Daniel"]
[Black "Povah,N"]
[Result "1-0"]
[WhiteElo "2603"]
[BlackElo "2329"]

1.c4 e5 2.Nc3 Nf6 3.Nf3 Nc6 4.g3 Bb4 5.Nd5 e4 6.Nh4 Bc5 7.Bg2 O-O 8.O-O Re8
9.e3 g5 10.Nf5 d6 11.f3 Nxd5 12.cxd5 Bxf5 13.dxc6 bxc6 14.b4 Bxb4 15.fxe4 Bxe4
16.Qb3 Bxg2 17.Kxg2 Rb8 18.Qxf7+ Kh8 19.Bb2+ Re5 20.Rf5 Bxd2 21.Rxe5  1-0

[Event "Gibraltar Masters 2019"]
[Site "Caleta ENG"]
[Date "2019.01.22"]
[Round "1.35"]
[White "Bellon Lopez,JuM"]
[Black "Lagarde,Max"]
[Result "0-1"]
[WhiteElo "2332"]
[BlackElo "2604"]

1.d4 g6 2.g3 Bg7 3.Bg2 d6 4.e4 Nf6 5.Ne2 O-O 6.h3 Nbd7 7.O-O e5 8.Nbc3 exd4
9.Nxd4 Re8 10.Re1 Nc5 11.Nb3 Ne6 12.Be3 a5 13.a4 Bd7 14.f4 Bc6 15.Nd4 Nxd4
16.Bxd4 Re6 17.Qd2 Qe7 18.f5 Re5 19.Nd5 Bxd5 20.Bxe5 Qxe5 21.exd5 Qxg3 22.Re7 gxf5
23.Qf2 Qg5 24.Rae1 Rf8 25.h4 Qg4 26.Kh1 Kh8 27.c3 Qxa4 28.Rxc7 b5 29.Rce7 b4
30.Qf4 Qb3 31.cxb4 Nxd5 32.Qxf5 Nxe7 33.Rxe7 Qxb4 34.Re3 Qxh4+ 35.Rh3 Qe1+
36.Bf1 h6 37.b3 Qe5 38.Qf3 Rc8 39.Rh5 Qe1 40.Rf5 Qh4+ 41.Kg2 Rg8 42.Qh5  0-1

[Event "Gibraltar Masters 2019"]
[Site "Caleta ENG"]
[Date "2019.01.22"]
[Round "1.34"]
[White "Jumabayev,R"]
[Black "Tate,A"]
[Result "1-0"]
[WhiteElo "2604"]
[BlackElo "2335"]

1.Nf3 d5 2.d4 Nf6 3.c4 c6 4.g3 Bf5 5.Nc3 e6 6.Nh4 dxc4 7.Nxf5 exf5 8.e3 Be7
9.Bxc4 O-O 10.Qb3 Qb6 11.O-O Qxb3 12.Bxb3 Rd8 13.Rd1 Nbd7 14.Bd2 Nb6 15.Be1 Nfd5
16.a3 g6 17.Ne2 Nc8 18.Ba5 Rd7 19.Nc1 Bd8 20.Be1 Nd6 21.Nd3 Ne4 22.Ne5 Re7
23.Rac1 Bb6 24.Bxd5 cxd5 25.Bb4 Re6 26.a4 a5 27.Ba3 Rd8 28.Rc2 g5 29.Kg2 Nd6
30.Bxd6 Rexd6 31.Rc3 Kf8 32.Rb3 f6 33.Nd3 Rc8 34.Rb5 Ke7 35.b4 Ra8 36.Rb1 axb4
37.R1xb4  1-0

[Event "Gibraltar Masters 2019"]
[Site "Caleta ENG"]
[Date "2019.01.22"]
[Round "1.33"]
[White "De Haan,E"]
[Black "Donchenko,Alexa"]
[Result "0-1"]
[WhiteElo "2337"]
[BlackElo "2604"]

1.d4 e6 2.e4 d5 3.Nc3 Nf6 4.Bg5 dxe4 5.Nxe4 Be7 6.Bxf6 gxf6 7.Nf3 f5 8.Nc3 a6
9.Bc4 b5 10.Bb3 c5 11.a4 b4 12.Ne2 Bb7 13.Nf4 Qd6 14.Nd3 cxd4 15.Nfe5 Nd7
16.Qe2 Nxe5 17.Nxe5 Bf6 18.f4 Be4 19.Nc4 Qxf4 20.Rf1 Qxh2 21.O-O-O Rc8 22.Kb1 Ke7
23.Nb6 Rc6 24.Qxa6 Qc7 25.a5 Rg8 26.Qb5 Rxg2 27.Qxb4+ Qd6 28.Qxd6+ Kxd6 29.Nc4+ Kc5
30.Nd2 Bd5 31.Rh1 Rxd2  0-1

[Event "Gibraltar Masters 2019"]
[Site "Caleta ENG"]
[Date "2019.01.22"]
[Round "1.32"]
[White "Moussard,J"]
[Black "Stijve,Theo"]
[Result "1-0"]
[WhiteElo "2605"]
[BlackElo "2339"]

1.g3 d5 2.Bg2 Nf6 3.d3 e5 4.Nf3 Bd6 5.O-O O-O 6.Nc3 c6 7.e4 h6 8.Re1 Re8
9.a4 dxe4 10.Nxe4 Nxe4 11.dxe4 Be6 12.Be3 Qc7 13.a5 Nd7 14.Qd2 Bc5 15.Bxc5 Nxc5
16.Qc3 Nd7 17.Bf1 Rad8 18.Red1 a6 19.Ne1 h5 20.h4 Nf6 21.Bg2 Bg4 22.f3 Bc8
23.Kh2 Nh7 24.Rd3 Nf8 25.Rad1 Ne6 26.Rxd8 Rxd8 27.Rxd8+ Nxd8 28.Nd3 f6 29.Qc4+ Qf7
30.Qb4 Qf8 31.Qb3+ Kh8 32.Qb6 Ne6 33.Qa7 Qd8 34.Qb8 Qc7 35.Qxc7 Nxc7 36.f4 exf4
37.gxf4 f5 38.Kg3 Kg8 39.Bf3 g6 40.exf5 Bxf5 41.Nc5 Bxc2 42.Nxb7 Ba4 43.f5 Kg7
44.Nc5 Bb5 45.fxg6 Kxg6 46.Kf4 Ne8 47.Nd7 Nd6 48.b4 c5 49.bxc5 Nc4 50.Ne5+  1-0

[Event "Gibraltar Masters 2019"]
[Site "Caleta ENG"]
[Date "2019.01.22"]
[Round "1.31"]
[White "Dhulipalla,Bala Chandra Prasad"]
[Black "Tari,A"]
[Result "1/2-1/2"]
[WhiteElo "2341"]
[BlackElo "2625"]

1.d4 Nf6 2.c4 g6 3.g3 Bg7 4.Bg2 O-O 5.Nf3 d5 6.cxd5 Nxd5 7.O-O Nb6 8.Nc3 Nc6
9.e3 Re8 10.Re1 a5 11.Qe2 Be6 12.Rd1 Bc4 13.Qc2 Nb4 14.Qe4 f5 15.Qb1 e5 16.b3 Bd3
17.Qb2 e4 18.Ne1 c5 19.dxc5 Rc8 20.Qd2 Rxc5 21.Bb2 Qc7 22.Rac1 Rc8 23.Ne2 Bxe2
24.Rxc5 Qxc5 25.Qxe2 Bxb2 26.Qxb2 Qc3 27.Qe2 N4d5 28.Bf1 Kg7 29.Kg2 Rc5 30.Rd2 Qa1
31.Rd1 Qf6 32.Qd2 g5 33.Kg1 f4 34.exf4 gxf4 35.Bg2 Nc3 36.Qd6 Rc6 37.Qxf6+ Kxf6
38.Rd2 f3 39.Nxf3 exf3 40.Bxf3 Ncd5 41.Rxd5 Nxd5 42.Bxd5 Rc1+ 43.Kg2 b5 44.a4 Rd1
45.Bf3 Rd4 46.Bc6 b4 47.Bb5 Ke5 48.h4 Ke4 49.Be8 Kd3 50.Bf7 Ke2 51.Be6 h6  1/2-1/2

[Event "Gibraltar Masters 2019"]
[Site "Caleta ENG"]
[Date "2019.01.22"]
[Round "1.30"]
[White "Vocaturo,D"]
[Black "Fenollar Jorda,M"]
[Result "1/2-1/2"]
[WhiteElo "2626"]
[BlackElo "2342"]

1.e4 e5 2.Nf3 Nc6 3.Bc4 Bc5 4.c3 Nf6 5.d3 d6 6.Bb3 a6 7.Nbd2 O-O 8.Nf1 h6
9.Ng3 Ba7 10.O-O Be6 11.Re1 Qd7 12.h3 Rfe8 13.Bc2 d5 14.exd5 Bxd5 15.Be3 Bxe3
16.Rxe3 Re7 17.a4 a5 18.d4 exd4 19.Rxe7 Qxe7 20.Nf5 Qe6 21.N3xd4 Nxd4 22.Qxd4 Be4
23.Bxe4 Qxe4 24.Nxh6+ Kf8 25.Qc5+ Qe7 26.Qxe7+ Kxe7 27.Nf5+ Kf8 28.Rd1 g6
29.Ne3 Ke7 30.f3 c6 31.Kf2 Nd7 32.Rd4 Nc5 33.Ke2 Rd8 34.Rxd8 Kxd8 35.Nc4 Nxa4
36.Nxa5 Kc7 37.Nc4 f6 38.h4 b5 39.Ne3 Nxb2 40.Ng4 Na4 41.Kd2 Kd6 42.Nxf6 Ke5
43.Ne4 Nb6 44.g3 Nc4+ 45.Ke2 Kd5 46.Nf2 Nd6 47.g4 c5 48.Nd3 Kc4 49.Kd2 Nf7
50.g5 b4 51.cxb4 cxb4 52.f4 b3 53.f5 gxf5 54.g6 Nh6 55.Ne5+ Kd5 56.Nf7 Ng8
57.h5 Ke6 58.Kc3 f4 59.Kxb3 f3 60.Ng5+ Kf5 61.Nxf3 Kg4 62.Ne5+ Kxh5 63.Kc4 Kh6
64.Kd5 Ne7+ 65.Ke6 Nxg6 66.Nxg6  1/2-1/2